Представление документа в формате MARC21

Поле Инд. ПП Название Значение
Тип записи a
Библиографический уровень m
001 Контрольный номер RU/IS/BASE/187985180
005 Дата корректировки 20220801123548.9
040 b Код языка каталог. rus
041 a Код языка текста rus
080 a Индекс УДК 004.42
084 a Индекс другой классификации/Индекс ББК 32.973.26-018
090 a Полочн. индекс 681.3
c Каталожный индекс 681.3.06
x Авторский знак Б20
097 b Оператор 11
100 a Автор Балакин В. Б.
245 a Заглавие Сборник упражнений по программированию
260 a Место издания М.
b Издательство Высшая школа
c Дата издания 1970
300 a Объем 463 с.
b Иллюстрации/ тип воспроизводства схем.
510 a Примечание о ссылках Книги и методические пособия
650 a Основная рубрика 50.05 Теоретические основы программирования
x Основная подрубрика 50.05.03 Общетеоретические вопросы программирования
653 a Ключевые слова программирование; цифровые вычислительные машины; вычислительная техника
700 a Другие авторы Савинков В. М.
700 a Другие авторы Цальп В. Д.
901 t Тип документа m